EU4 Achievment quiz - Statistics

General Stats
  • This quiz has been taken 112 times
  • The average score is 11 of 14
Answer Stats
Hint Answer % Correct
The Uncommonwealth Lithuania
93%
The Burgundian Conquest Burgundy
91%
One night in Paris England
90%
Forgive me, for i have Sindh Sindh
90%
Basileus Byzantium
89%
Mansa Musa Mali
88%
Gothic invasion Theodoro
87%
Not just Pizza Naples
80%
The pen is mightier than the sword Austria
78%
Take that, Von Habsburgs! Hungary
71%
Eat your greens Kale
61%
The spice must flow Malacca
54%
Ultimate military! Songhai
43%
Golden Wind Air
36%
No matching quizzes found
Score Distribution
Percent of People with Each Score
Percentile by Number Answered
Your Score History
You have not taken this quiz